• 首页
  • 本馆介绍
  • 公告通知
  • 最新文献
  • 馆藏检索
  • 电子资源
  • 读者导购
  • 参考咨询
  • 我的图书馆
  • 登录
  • 详细信息显示
  • 放入我的书架
  • 预约/预借图书
  • 作者相关作品
  • 分类相关作品
  • 丛书相关作品
  • 出版社相关作品

书目信息

  • 表格格式
  • 工作单格式
  • 卡片格式
题名:
辞海
    
 
作者: ;上海辞书出版社 编辑
分册: 上   语词分册
出版信息: 上海   编者  1979
页数: 1130页
开本: 20cm
丛书名:
单 册:
中图分类: Z32 , Z3
科图分类:
主题词: 词语--百科词典 , 百科词典 , 汉语-词语--中国--词典 , 词语-汉语--词典 , 词典
电子资源:
ISBN:
000 00720nam0 2200277 45
001 1537079941
005 20150129101909.96
010    @b精装@dCNY5.30
091    @aCN@b17187.21
100    @a19950727d1979 emky0chiy0121 ea
101 0  @achi
102    @aCN@b310000
105    @ay e 001yy
200 10 @a辞海@Aci hai@i语词分册@h上@f上海辞书出版社编辑
210    @a上海@c编者@d1979
215    @a1130页@d20cm
606    @a词语@x百科词典
606    @a百科词典
606    @a汉语-词语@y中国@x词典
606    @a词语-汉语@x词典
606 0  @a词典
690    @aZ32@v3
690    @aZ3@v4
711 02 @a上海辞书出版社@Ashang hai ci shu chu ban she@4编辑
801  0 @aCN@bTSSF@c20150129
905    @aZUCC@dZ3@eJY26:1
    
    辞海.语词分册.上/上海辞书出版社编辑.-上海:编者,1979
    1130页;20cm
    
    
    ISBN (精装):CNY5.30
    
●
相关链接 在E读中查询图书 在五车中查询图书 在当当中查询图书 在豆瓣中查询图书


正题名:辞海     索取号:Z3/JY26:1         预约/预借

序号 登录号 条形码 馆藏地/架位号 状态 备注
1 7863911   278639118   学院路分馆/ [索取号:Z3/JY26:1] 在馆    
2 7863913   278639136   学院路分馆/ [索取号:Z3/JY26:1] 在馆    
唐山师范学院图书馆 欢迎您!
大连网信软件有限公司© 版权所有